000 00806nam a2200205 a 4500
001 000014102
005 20200929163456.0
008 091204s2006 dr ab 000 0 spa d
040 _aDO-SdBNP
_bspa
_cBNPHU
082 _a630.202
_bS487i
100 1 _aSerrano, Manuel
_9511
245 1 0 _aImpulsando un mercado orgánico en la República Dominicana /
_cManuel Serrano, Héctor García ; presentación Sonia Vásquez.
260 _aSanto Domingo :
_bProgressio,
_c2006.
300 _a57 p. :
_bil., maps. ;
_c23 cm.
500 _aIncluye referencias bibliográficas y notas al pie de las páginas
650 4 _aMercadeo de productos agricolas
_zRepública Dominicana
_931917
650 4 _aAgricultura
_xAspectos económicos
_zRepública Dominicana
_91508
700 1 _aGarcía, Héctor
_931918
049 _aBNPD
999 _c13704
_d13704